ग्रामगीता (Record no. 1222262)

MARC details
000 -LEADER
fixed length control field 00469nam a2200157Ia 4500
008 - FIXED-LENGTH DATA ELEMENTS--GENERAL INFORMATION
fixed length control field 260520s2025 xx 000 0 und d
041 ## - LANGUAGE CODE
Language code of text/sound track or separate title mar
082 ## - DEWEY DECIMAL CLASSIFICATION NUMBER
Classification number 891.461/TUK
100 ## - MAIN ENTRY--PERSONAL NAME
Personal name तुकडोजी महाराज
245 ## - TITLE STATEMENT
Title ग्रामगीता
250 ## - EDITION STATEMENT
Edition statement 1st ed
260 ## - PUBLICATION, DISTRIBUTION, ETC.
Place of publication, distribution, etc. अमरावती
Name of publisher, distributor, etc. श्री गुरुदेव प्रकाशन
Date of publication, distribution, etc. 2025
300 ## - PHYSICAL DESCRIPTION
Extent 463p.
500 ## - GENERAL NOTE
General note Cat No: 15262
650 ## - SUBJECT ADDED ENTRY--TOPICAL TERM
Topical term or geographic name entry element MARATHI POETRY
Holdings
Withdrawn status Lost status Damaged status Not for loan Collection Home library Current library Shelving location Date acquired Source of acquisition Cost, normal purchase price Total Checkouts Full call number Barcode Date last seen Price effective from Koha item type Public note
          Dr.Patangrao Kadam Mahavidyalaya, Sangli Dr.Patangrao Kadam Mahavidyalaya, Sangli   24/04/2026 Bharati Madhyavarti Sahakari Grahak Bhandar, Pune (Best Book Supplier, Kolhapur) 150.00   891.461/TUK PKS-V-1961 27/05/2026 27/05/2026 Book General book section